|
|
|
|
| LEADER |
00000nam0a2200000 4500 |
| 001 |
355099 |
| 005 |
20231102010747.0 |
| 035 |
|
|
|a (RuTPU)RU\TPU\retro\12358
|
| 090 |
|
|
|a 355099
|
| 100 |
|
|
|a 20200702d1973 km y0rusy50 ca
|
| 101 |
0 |
|
|a rus
|
| 102 |
|
|
|a RU
|
| 105 |
|
|
|a a z 001zy
|
| 200 |
1 |
|
|a Оптические приборы и методы контроля прямолинейности в инженерной геодезии
|f В. А. Афанасьев, В. С. Усов
|
| 210 |
|
|
|a Москва
|c Недра
|d 1973
|
| 215 |
|
|
|a 152 с.
|c ил.
|
| 320 |
|
|
|a Библиогр.: с. 145-148
|
| 606 |
1 |
|
|a Оптические приборы, теория
|2 stltpush
|3 (RuTPU)RU\TPU\subj\59489
|9 77013
|
| 606 |
1 |
|
|a Инженерная геодезия
|2 stltpush
|3 (RuTPU)RU\TPU\subj\12569
|9 39332
|
| 610 |
1 |
|
|a глаз
|
| 610 |
1 |
|
|a свойства
|
| 610 |
1 |
|
|a линзы
|
| 610 |
1 |
|
|a призмы
|
| 610 |
1 |
|
|a оптические устройства
|
| 610 |
1 |
|
|a детали
|
| 610 |
1 |
|
|a инженерно-геодезические работы
|
| 610 |
1 |
|
|a прямолинейность
|
| 610 |
1 |
|
|a плоскостность
|
| 610 |
1 |
|
|a соосность
|
| 610 |
1 |
|
|a контроль
|
| 610 |
1 |
|
|a методы
|
| 610 |
1 |
|
|a визирные трубы
|
| 610 |
1 |
|
|a визирные линии
|
| 610 |
1 |
|
|a кривизна
|
| 610 |
1 |
|
|a исследование
|
| 675 |
|
|
|a 535.8
|v 4
|
| 675 |
|
|
|a 528.48
|v 4
|
| 700 |
|
1 |
|a Афанасьев
|b В. А.
|g Владимир Александрович
|
| 701 |
|
1 |
|a Усов
|b В. С.
|g Вадим Сергеевич
|
| 801 |
|
1 |
|a RU
|b 63413507
|c 20200702
|
| 801 |
|
2 |
|a RU
|b 63413507
|c 20210202
|g RCR
|
| 942 |
|
|
|c BK
|